000 00719 am a2200229 a 4500
005 20231227075215.0
008 100413s1984||||ag a f |||| 001 0 spa d
020 _a9500603462
041 _aspa
092 _c618.1
_l10
_sCAL
100 1 _aCalatroni, Carlos J.
_9273
245 _aGinecología /
_cCarlos J. Calatroni.
250 _a2a ed.
260 _aBuenos Aires:
_bEditorial Médica Panamericana;
_c1984.
300 _a512 p.
500 _aCalatroni, C. J. y Ruíz, V. (Col.). (1984). Ginecología. (2a ed.). Buenos Aires : Editorial Médica Panamericana.
590 _aDonación Adriana A. Feltri, 2007
653 _aGinecología
700 1 _aRuíz, Vicente.
_9274
930 _a1832
942 _2ddc
_cBK
999 _c251
_d251